00234pam a2200097 a 4500020000500000041000500005100002700010245005700037260003300094300000900127 c h aR. J. Ranjit Daniless. aAmphibian Ans of Peninsular IndiahTextual Documents a[s.l]:bUniversitiess Press. a268.